000 00474nam a2200181 i 4500
001 bg
100 1 _aDietrych, Janusz
_d(1907-2001).
245 1 0 _aPodstawy konstrukcji maszyn.
_nCz. 1 /
_cJ. Dietrych.
250 _aWyd. 3 zm.
260 _aWarszawa,
_c1969.
650 9 _aMaszyny
_xbudowa i konstrukcje
655 _aPodręczniki akademickie
040 _cBPK
041 _apol
080 _a621.01(075.8)
942 _cKS
008 s pl f |000 0 pol
999 _c10206
_d10206
856 _uhttp://koha.tu.koszalin.pl/cgi-bin/koha/opac-detail.pl?biblionumber=10206
_yKatalog online BPK